| 000 | 00844nam a2200217Ia 4500 | ||
|---|---|---|---|
| 003 | Ost | ||
| 005 | 20260507075047.0 | ||
| 008 | 260507s9999||||xx |||||||||||||| ||und|| | ||
| 020 | _a2186015977 | ||
| 040 | _cfsecg | ||
| 041 | _aara | ||
| 100 |
_aخليفة، عبد الرحمان _eمؤلف |
||
| 245 | 0 |
_aفي الإديولوجيا والحضارة والعولمة / _c عبد الرحمان خليفة |
|
| 260 |
_aالإسكندرية: _bبستان المعرفة, _c2001 |
||
| 300 |
_a502 صفحة؛ _bإيضاحات ؛ _c24 سم |
||
| 520 | _aالإديولوجيا-الحضارة-العولمة السياسية إنعكاساتها وكيفية التعامل معها | ||
| 653 | _aالحضارة | ||
| 653 | _aالعولمة | ||
| 700 |
_aاسماعيل، فضل الله محمد _eمؤلف ثانوي |
||
| 942 | _cكتاب | ||
| 999 |
_c42584 _d42584 |
||